000 00275cam a22000977a 4500
008 180718b1960 xxu||||| |||| 00| 0 eng d
082 _aA2x42 Un3p
245 _aA brief guide to official publications
260 _aLondon
_bHer Majesty's Stationery Office
_c1960
300 _a58+p.
999 _c390694
_d390694